Central Library and Information Centre
Sibsagar Girls' College, Sivasagar : Assam

SAHITYA SANDAPANA (Record no. 119)

MARC details
000 -LEADER
fixed length control field 00373cam a2200169ua 4500
008 - FIXED-LENGTH DATA ELEMENTS--GENERAL INFORMATION
fixed length control field 150303n II |||gr||||Z||||||ben
040 ## - CATALOGING SOURCE
Original cataloging agency MAIN
041 ## - LANGUAGE CODE
-- English
082 ## - DEWEY DECIMAL CLASSIFICATION NUMBER
Classification number 891.451 DAS
100 ## - MAIN ENTRY--PERSONAL NAME
Personal name DAS, SRI SACHANDRA.
245 ## - TITLE STATEMENT
Title SAHITYA SANDAPANA
260 ## - PUBLICATION, DISTRIBUTION, ETC.
Place of publication, distribution, etc. [s.l]:
Name of publisher, distributor, etc. XXX
300 ## - PHYSICAL DESCRIPTION
Extent 000.:
Dimensions 20CM.
942 ## - ADDED ENTRY ELEMENTS (KOHA)
Koha item type Books
653 ## - INDEX TERM--UNCONTROLLED
Uncontrolled term ASSAMESE LITERATURE
Holdings
Withdrawn status Lost status Damaged status Not for loan Collection code Home library Current library Shelving location Date acquired Full call number Barcode Date last seen Copy number Price effective from Koha item type
        TBASM Central Library and Information Centre Sibsagar Girls College Central Library and Information Centre Sibsagar Girls College   19.04.1967 891.451 DAS 00137 27.02.2020 1 27.02.2020 Books


Sibsagar Girl's College © 2020. All rights reserved.
Powered by Koha.
Maintained by Abhijit Borpuzari.